[Event "DVM U14 2023"]
[Site "Magdeburg GER"]
[Date "2023.12.27"]
[Round "1"]
[White "Uyar, Levin"]
[Black "Schwitkowski, Luka"]
[Result "1-0"]
[Termination "normal"]
[Board "7.1"]
[WhiteElo "1784"]
[BlackElo "1817"]
[WhiteClock "00:19:41"]
[BlackClock "00:21:24"]
[WhiteTeam "SC Untergrombach 46"]
[BlackTeam "SV Erkenschwick 1923"]
[PlyCount "87"]
[WhiteFideId "16282108"]
[BlackFideId "34610669"]
[EventCountry "GER"]
[EventRounds "7"]
[EventType "team-swiss"]
[EventDate "2023.12.26"]

1. e4 {[%clk 01:30:56]} {[%emt 00:00:05]} c5 {[%clk 01:30:52]} {[%emt
00:00:07]} 2. Nf3 {[%clk 01:31:18]} {[%emt 00:00:08]} d6 {[%clk 01:31:17]}
{[%emt 00:00:06]} 3. d4 {[%clk 01:31:37]} {[%emt 00:00:10]} cxd4 {[%clk
01:31:45]} {[%emt 00:00:02]} 4. Nxd4 {[%clk 01:31:57]} {[%emt 00:00:10]} Nf6
{[%clk 01:31:57]} {[%emt 00:00:18]} 5. Nc3 {[%clk 01:32:16]} {[%emt 00:00:10]}
a6 {[%clk 01:32:15]} {[%emt 00:00:13]} 6. Be3 {[%clk 01:32:35]} {[%emt
00:00:10]} e5 {[%clk 01:31:19]} {[%emt 00:01:28]} 7. Nb3 {[%clk 01:32:41]}
{[%emt 00:00:23]} Be6 {[%clk 01:31:42]} {[%emt 00:00:06]} 8. f3 {[%clk
01:31:32]} {[%emt 00:01:39]} Be7 {[%clk 01:31:51]} {[%emt 00:00:22]} 9. Qd2
{[%clk 01:29:34]} {[%emt 00:02:28]} h5 {[%clk 01:31:21]} {[%emt 00:01:00]} 10.
Nd5 {[%clk 01:29:01]} {[%emt 00:01:02]} Nxd5 {[%clk 01:31:06]} {[%emt
00:00:45]} 11. exd5 {[%clk 01:29:14]} {[%emt 00:00:17]} Bf5 {[%clk 01:31:31]}
{[%emt 00:00:05]} 12. Be2 {[%clk 01:28:37]} {[%emt 00:01:08]} Nd7 {[%clk
01:11:53]} {[%emt 00:20:09]} 13. O-O {[%clk 01:20:56]} {[%emt 00:08:10]} Qc7
{[%clk 00:54:11]} {[%emt 00:18:11]} 14. Na5 {[%clk 01:07:28]} {[%emt 00:13:58]}
Bd8 {[%clk 00:42:32]} {[%emt 00:12:09]} 15. b4 {[%clk 01:05:57]} {[%emt
00:02:02]} Rc8 {[%clk 00:42:52]} {[%emt 00:00:09]} 16. c4 {[%clk 01:04:47]}
{[%emt 00:01:41]} Nf6 {[%clk 00:34:29]} {[%emt 00:08:52]} 17. Rac1 {[%clk
00:55:08]} {[%emt 00:10:09]} Qd7 {[%clk 00:31:23]} {[%emt 00:03:36]} 18. Nb3
{[%clk 00:47:15]} {[%emt 00:08:23]} O-O {[%clk 00:24:38]} {[%emt 00:07:15]} 19.
Rfd1 {[%clk 00:45:30]} {[%emt 00:02:15]} e4 {[%clk 00:20:00]} {[%emt 00:05:08]}
20. c5 {[%clk 00:33:52]} {[%emt 00:12:08]} exf3 {[%clk 00:18:22]} {[%emt
00:02:08]} 21. Bxf3 {[%clk 00:33:40]} {[%emt 00:00:42]} Bg4 {[%clk 00:14:16]}
{[%emt 00:04:36]} 22. c6 {[%clk 00:26:27]} {[%emt 00:07:42]} Qe7 {[%clk
00:13:57]} {[%emt 00:00:49]} 23. Re1 {[%clk 00:18:30]} {[%emt 00:08:28]} Bxf3
{[%clk 00:10:01]} {[%emt 00:04:24]} 24. gxf3 {[%clk 00:17:09]} {[%emt
00:01:52]} Qc7 {[%clk 00:10:11]} {[%emt 00:00:19]} 25. Na5 {[%clk 00:16:04]}
{[%emt 00:01:35]} bxc6 {[%clk 00:09:56]} {[%emt 00:00:46]} 26. dxc6 {[%clk
00:14:06]} {[%emt 00:02:29]} Re8 {[%clk 00:09:08]} {[%emt 00:01:18]} 27. Nc4
{[%clk 00:09:07]} {[%emt 00:05:28]} d5 {[%clk 00:08:35]} {[%emt 00:01:02]} 28.
Nb6 {[%clk 00:08:45]} {[%emt 00:00:53]} Rxe3 {[%clk 00:08:00]} {[%emt
00:01:06]} 29. Nxc8 {[%clk 00:06:35]} {[%emt 00:02:40]} Rxe1+ {[%clk 00:08:23]}
{[%emt 00:00:07]} 30. Qxe1 {[%clk 00:06:21]} {[%emt 00:00:44]} Qxc8 {[%clk
00:08:44]} {[%emt 00:00:09]} 31. Qe5 {[%clk 00:04:45]} {[%emt 00:01:59]} Bc7
{[%clk 00:08:47]} {[%emt 00:00:34]} 32. Qe7 {[%clk 00:04:21]} {[%emt 00:00:46]}
Bb6+ {[%clk 00:07:45]} {[%emt 00:01:41]} 33. Kh1 {[%clk 00:04:12]} {[%emt
00:00:37]} Qf5 {[%clk 00:07:32]} {[%emt 00:00:44]} 34. Qe2 {[%clk 00:03:54]}
{[%emt 00:00:49]} d4 {[%clk 00:07:51]} {[%emt 00:00:11]} 35. c7 {[%clk
00:03:25]} {[%emt 00:00:59]} Qc8 {[%clk 00:07:34]} {[%emt 00:00:46]} 36. Qe7
{[%clk 00:02:57]} {[%emt 00:00:58]} Kh7 {[%clk 00:05:49]} {[%emt 00:02:16]} 37.
Rc6 {[%clk 00:02:19]} {[%emt 00:01:07]} Ba7 {[%clk 00:06:18]} {[%emt 00:00:01]}
38. Kg2 {[%clk 00:01:56]} {[%emt 00:00:53]} h4 {[%clk 00:02:18]} {[%emt
00:04:30]} 39. Qd8 {[%clk 00:01:26]} {[%emt 00:01:00]} Qf5 {[%clk 00:02:39]}
{[%emt 00:00:08]} 40. c8=Q {[%clk 00:00:32]} {[%emt 00:01:25]} h3+ {[%clk
00:03:07]} {[%emt 00:00:03]} 41. Kf2 {[%clk 00:23:28]} {[%emt 00:08:12]} d3+
{[%clk 00:21:01]} {[%emt 00:12:35]} 42. Rc5 {[%clk 00:19:22]} {[%emt 00:04:36]}
Bxc5+ {[%clk 00:20:57]} {[%emt 00:00:34]} 43. bxc5 {[%clk 00:19:33]} {[%emt
00:00:19]} Ng4+ {[%clk 00:21:24]} {[%emt 00:00:03]} 44. Kg3 {[%clk 00:19:41]}
{[%emt 00:00:22]} 1-0

[Event "DVM U14 2023"]
[Site "Magdeburg GER"]
[Date "2023.12.27"]
[Round "1"]
[White "Riechenberg, Sebastian"]
[Black "Jung, Niklas"]
[Result "1-0"]
[Termination "normal"]
[Board "7.2"]
[WhiteElo "1913"]
[BlackElo "1477"]
[WhiteClock "00:38:05"]
[BlackClock "00:00:36"]
[WhiteTeam "SV Erkenschwick 1923"]
[BlackTeam "SC Untergrombach 46"]
[PlyCount "71"]
[WhiteFideId "34605231"]
[BlackFideId "16280601"]
[EventCountry "GER"]
[EventRounds "7"]
[EventType "team-swiss"]
[EventDate "2023.12.26"]

1. d4 {[%clk 01:30:59]} {[%emt 00:00:01]} d5 {[%clk 01:30:44]} {[%emt
00:00:16]} 2. c4 {[%clk 01:31:21]} {[%emt 00:00:07]} c6 {[%clk 01:31:07]}
{[%emt 00:00:07]} 3. Nc3 {[%clk 01:31:29]} {[%emt 00:00:22]} Nf6 {[%clk
01:30:52]} {[%emt 00:00:44]} 4. Nf3 {[%clk 01:31:51]} {[%emt 00:00:09]} Bf5
{[%clk 01:27:54]} {[%emt 00:03:27]} 5. Qb3 {[%clk 01:24:56]} {[%emt 00:07:27]}
Qb6 {[%clk 01:13:42]} {[%emt 00:14:42]} 6. c5 {[%clk 01:22:22]} {[%emt
00:03:04]} Qxb3 {[%clk 01:09:47]} {[%emt 00:04:25]} 7. axb3 {[%clk 01:22:46]}
{[%emt 00:00:06]} Nbd7 {[%clk 01:09:14]} {[%emt 00:01:03]} 8. Bf4 {[%clk
01:22:14]} {[%emt 00:01:03]} h6 {[%clk 01:08:08]} {[%emt 00:01:34]} 9. h4
{[%clk 01:18:04]} {[%emt 00:04:35]} Ne4 {[%clk 01:00:44]} {[%emt 00:07:59]} 10.
e3 {[%clk 01:06:24]} {[%emt 00:12:11]} g6 {[%clk 00:49:54]} {[%emt 00:11:19]}
11. b4 {[%clk 01:05:56]} {[%emt 00:01:00]} Bg7 {[%clk 00:48:58]} {[%emt
00:01:24]} 12. b5 {[%clk 01:03:42]} {[%emt 00:02:45]} O-O {[%clk 00:46:54]}
{[%emt 00:02:33]} 13. bxc6 {[%clk 00:59:12]} {[%emt 00:05:01]} bxc6 {[%clk
00:47:00]} {[%emt 00:00:25]} 14. Ba6 {[%clk 00:59:28]} {[%emt 00:00:14]} Nxc3
{[%clk 00:42:50]} {[%emt 00:04:38]} 15. bxc3 {[%clk 00:59:36]} {[%emt
00:00:23]} Nxc5 {[%clk 00:29:49]} {[%emt 00:13:30]} 16. dxc5 {[%clk 01:00:02]}
{[%emt 00:00:05]} Bxc3+ {[%clk 00:29:58]} {[%emt 00:00:20]} 17. Ke2 {[%clk
01:00:17]} {[%emt 00:00:15]} Bxa1 {[%clk 00:30:18]} {[%emt 00:00:12]} 18. Rxa1
{[%clk 01:00:29]} {[%emt 00:00:17]} Bc8 {[%clk 00:21:58]} {[%emt 00:08:49]} 19.
Nd4 {[%clk 00:59:33]} {[%emt 00:01:26]} f6 {[%clk 00:17:26]} {[%emt 00:05:01]}
20. Nxc6 {[%clk 00:50:29]} {[%emt 00:09:34]} Bxa6+ {[%clk 00:16:59]} {[%emt
00:00:57]} 21. Rxa6 {[%clk 00:50:41]} {[%emt 00:00:23]} e5 {[%clk 00:15:17]}
{[%emt 00:02:07]} 22. Bxh6 {[%clk 00:46:47]} {[%emt 00:04:24]} Rf7 {[%clk
00:15:18]} {[%emt 00:00:26]} 23. g4 {[%clk 00:46:27]} {[%emt 00:00:52]} Rc8
{[%clk 00:09:35]} {[%emt 00:06:13]} 24. g5 {[%clk 00:45:52]} {[%emt 00:01:06]}
Rfc7 {[%clk 00:04:00]} {[%emt 00:06:04]} 25. Nb4 {[%clk 00:45:32]} {[%emt
00:00:50]} Rxc5 {[%clk 00:02:06]} {[%emt 00:02:24]} 26. Rxa7 {[%clk 00:39:48]}
{[%emt 00:06:15]} fxg5 {[%clk 00:01:09]} {[%emt 00:01:27]} 27. hxg5 {[%clk
00:39:47]} {[%emt 00:00:31]} R5c7 {[%clk 00:01:01]} {[%emt 00:00:37]} 28. Rxc7
{[%clk 00:39:55]} {[%emt 00:00:22]} Rxc7 {[%clk 00:01:27]} {[%emt 00:00:04]}
29. Nxd5 {[%clk 00:40:21]} {[%emt 00:00:05]} Ra7 {[%clk 00:01:43]} {[%emt
00:00:13]} 30. f4 {[%clk 00:38:33]} {[%emt 00:02:18]} exf4 {[%clk 00:01:12]}
{[%emt 00:01:01]} 31. Nxf4 {[%clk 00:38:57]} {[%emt 00:00:06]} Kf7 {[%clk
00:01:34]} {[%emt 00:00:08]} 32. e4 {[%clk 00:38:33]} {[%emt 00:00:55]} Ra3
{[%clk 00:01:26]} {[%emt 00:00:36]} 33. e5 {[%clk 00:37:52]} {[%emt 00:01:13]}
Rb3 {[%clk 00:00:49]} {[%emt 00:01:05]} 34. e6+ {[%clk 00:37:51]} {[%emt
00:00:32]} Ke7 {[%clk 00:00:53]} {[%emt 00:00:26]} 35. Bg7 {[%clk 00:38:08]}
{[%emt 00:00:14]} Rb4 {[%clk 00:00:36]} {[%emt 00:00:45]} 36. Nd5+ {[%clk
00:38:05]} {[%emt 00:00:35]} 1-0

[Event "DVM U14 2023"]
[Site "Magdeburg GER"]
[Date "2023.12.27"]
[Round "1"]
[White "Wettstein, Levin"]
[Black "Allen, Phillipp"]
[Result "0-1"]
[Termination "normal"]
[Board "7.3"]
[WhiteElo "1310"]
[BlackElo "1628"]
[WhiteClock "00:03:32"]
[BlackClock "00:04:29"]
[WhiteTeam "SC Untergrombach 46"]
[BlackTeam "SV Erkenschwick 1923"]
[PlyCount "116"]
[WhiteFideId "34635866"]
[BlackFideId "16272846"]
[EventCountry "GER"]
[EventRounds "7"]
[EventType "team-swiss"]
[EventDate "2023.12.26"]

1. e4 {[%clk 01:30:59]} c5 {[%clk 01:30:56]} {[%emt 00:00:04]} 2. Nc3 {[%clk
01:31:09]} {[%emt 00:00:20]} Nc6 {[%clk 01:29:13]} {[%emt 00:02:13]} 3. Nf3
{[%clk 01:31:20]} {[%emt 00:00:18]} d6 {[%clk 01:29:24]} {[%emt 00:00:20]} 4.
Bb5 {[%clk 01:30:22]} {[%emt 00:01:28]} e5 {[%clk 01:29:43]} {[%emt 00:00:11]}
5. O-O {[%clk 01:27:21]} {[%emt 00:03:31]} Nf6 {[%clk 01:29:38]} {[%emt
00:00:35]} 6. d3 {[%clk 01:25:19]} {[%emt 00:02:31]} Bg4 {[%clk 01:28:56]}
{[%emt 00:01:12]} 7. h3 {[%clk 01:19:07]} {[%emt 00:06:43]} Bh5 {[%clk
01:25:13]} {[%emt 00:04:12]} 8. Nd5 {[%clk 01:11:18]} {[%emt 00:08:19]} Be7
{[%clk 01:15:24]} {[%emt 00:10:19]} 9. Nxe7 {[%clk 01:06:51]} {[%emt 00:04:58]}
Qxe7 {[%clk 01:15:28]} {[%emt 00:00:25]} 10. Bg5 {[%clk 00:55:47]} {[%emt
00:11:35]} O-O {[%clk 01:14:46]} {[%emt 00:01:11]} 11. c3 {[%clk 00:54:15]}
{[%emt 00:02:02]} h6 {[%emt 00:13:00]} 12. Be3 {[%clk 00:41:30]} {[%emt
00:13:04]} a6 {[%clk 00:58:05]} {[%emt 00:04:51]} 13. Ba4 {[%clk 00:35:18]}
{[%emt 00:06:43]} b5 {[%clk 00:56:33]} {[%emt 00:02:02]} 14. Bb3 {[%clk
00:28:05]} {[%emt 00:07:42]} Rac8 {[%clk 00:50:39]} {[%emt 00:06:26]} 15. c4
{[%clk 00:25:00]} {[%emt 00:03:34]} b4 {[%clk 00:39:44]} {[%emt 00:11:23]} 16.
Qe2 {[%clk 00:19:17]} {[%emt 00:06:14]} Ne8 {[%clk 00:36:02]} {[%emt 00:04:08]}
17. Ba4 {[%clk 00:15:04]} {[%emt 00:04:47]} Nd4 {[%clk 00:25:55]} {[%emt
00:10:37]} 18. Bxd4 {[%clk 00:13:56]} {[%emt 00:01:39]} cxd4 {[%clk 00:25:11]}
{[%emt 00:01:15]} 19. Bd1 {[%clk 00:12:38]} {[%emt 00:01:46]} Bxf3 {[%clk
00:23:01]} {[%emt 00:02:41]} 20. Qxf3 {[%clk 00:12:52]} {[%emt 00:00:17]} Nc7
{[%clk 00:22:52]} {[%emt 00:00:36]} 21. Qg3 {[%clk 00:09:10]} {[%emt 00:04:13]}
Qg5 {[%clk 00:19:55]} {[%emt 00:03:21]} 22. Qxg5 {[%clk 00:08:36]} {[%emt
00:01:12]} hxg5 {[%clk 00:20:17]} {[%emt 00:00:09]} 23. Bg4 {[%clk 00:08:17]}
{[%emt 00:00:47]} Rcd8 {[%clk 00:20:22]} {[%emt 00:00:25]} 24. Rac1 {[%clk
00:07:20]} {[%emt 00:01:28]} g6 {[%clk 00:09:52]} {[%emt 00:11:01]} 25. Be2
{[%clk 00:05:35]} {[%emt 00:02:13]} Ne6 {[%clk 00:10:07]} {[%emt 00:00:17]} 26.
g3 {[%clk 00:04:30]} {[%emt 00:01:34]} f5 {[%clk 00:08:57]} {[%emt 00:01:38]}
27. f3 {[%clk 00:03:06]} {[%emt 00:01:56]} Nc5 {[%clk 00:05:38]} {[%emt
00:03:49]} 28. b3 {[%clk 00:02:21]} {[%emt 00:01:14]} a5 {[%clk 00:05:40]}
{[%emt 00:00:29]} 29. Rb1 {[%clk 00:02:08]} {[%emt 00:00:43]} Rd7 {[%clk
00:03:57]} {[%emt 00:02:13]} 30. Rf2 {[%clk 00:01:31]} {[%emt 00:01:07]} Rdf7
{[%clk 00:03:16]} {[%emt 00:01:10]} 31. Bf1 {[%clk 00:01:27]} {[%emt 00:00:36]}
fxe4 {[%clk 00:03:08]} {[%emt 00:00:37]} 32. dxe4 {[%clk 00:01:24]} {[%emt
00:00:34]} Rxf3 {[%clk 00:03:02]} {[%emt 00:00:35]} 33. Rxf3 {[%clk 00:01:48]}
{[%emt 00:00:06]} Rxf3 {[%clk 00:03:24]} {[%emt 00:00:08]} 34. Bg2 {[%clk
00:01:39]} {[%emt 00:00:40]} Re3 {[%clk 00:02:46]} {[%emt 00:01:04]} 35. Kf2
{[%clk 00:01:43]} {[%emt 00:00:30]} Nxe4+ {[%clk 00:02:25]} {[%emt 00:00:51]}
36. Bxe4 {[%clk 00:02:05]} {[%emt 00:00:08]} Rxe4 {[%clk 00:02:48]} {[%emt
00:00:06]} 37. Kf3 {[%clk 00:02:17]} {[%emt 00:00:18]} Re3+ {[%clk 00:02:48]}
{[%emt 00:00:31]} 38. Kf2 {[%clk 00:02:29]} {[%emt 00:00:18]} Rc3 {[%clk
00:02:46]} {[%emt 00:00:30]} 39. Rb2 {[%clk 00:02:48]} {[%emt 00:00:12]} Kf7
{[%clk 00:02:33]} {[%emt 00:00:44]} 40. Rd2 {[%clk 00:02:39]} {[%emt 00:00:39]}
Ke6 {[%clk 00:02:42]} {[%emt 00:00:22]} 41. Rb2 {[%clk 00:02:38]} {[%emt
00:00:31]} e4 {[%clk 00:02:43]} {[%emt 00:00:28]} 42. Re2 {[%clk 00:02:40]}
{[%emt 00:00:29]} Ke5 {[%clk 00:02:51]} {[%emt 00:00:22]} 43. Rb2 {[%clk
00:02:34]} {[%emt 00:00:35]} d3 {[%clk 00:00:42]} {[%emt 00:02:39]} 44. Ke3
{[%clk 00:02:20]} {[%emt 00:00:45]} Rc2 {[%clk 00:00:54]} {[%emt 00:00:18]} 45.
Rxc2 {[%clk 00:02:10]} {[%emt 00:00:40]} dxc2 {[%clk 00:01:20]} {[%emt
00:00:04]} 46. Kd2 {[%clk 00:02:33]} {[%emt 00:00:07]} Kd4 {[%clk 00:01:46]}
{[%emt 00:00:04]} 47. g4 {[%clk 00:02:25]} {[%emt 00:00:38]} c1=Q+ {[%clk
00:01:37]} {[%emt 00:00:39]} 48. Kxc1 {[%clk 00:02:47]} {[%emt 00:00:09]} Ke3
{[%clk 00:01:51]} {[%emt 00:00:15]} 49. Kd1 {[%clk 00:02:47]} {[%emt 00:00:30]}
Kf2 {[%clk 00:02:15]} {[%emt 00:00:07]} 50. Kc2 {[%clk 00:02:33]} {[%emt
00:00:44]} e3 {[%clk 00:02:36]} {[%emt 00:00:09]} 51. c5 {[%clk 00:02:34]}
{[%emt 00:00:28]} dxc5 {[%clk 00:02:59]} {[%emt 00:00:07]} 52. h4 {[%clk
00:02:42]} {[%emt 00:00:22]} gxh4 {[%clk 00:03:05]} {[%emt 00:00:25]} 53. g5
{[%clk 00:02:38]} {[%emt 00:00:34]} e2 {[%clk 00:03:25]} {[%emt 00:00:10]} 54.
a3 {[%clk 00:02:33]} {[%emt 00:00:35]} e1=Q {[%clk 00:03:44]} {[%emt 00:00:10]}
55. axb4 {[%clk 00:02:47]} {[%emt 00:00:16]} Qe2+ {[%clk 00:03:27]} {[%emt
00:00:48]} 56. Kb1 {[%clk 00:02:49]} {[%emt 00:00:28]} h3 {[%clk 00:03:40]}
{[%emt 00:00:17]} 57. bxc5 {[%clk 00:03:06]} {[%emt 00:00:13]} h2 {[%clk
00:04:04]} {[%emt 00:00:06]} 58. c6 {[%clk 00:03:32]} {[%emt 00:00:04]} h1=R#
{[%clk 00:04:29]} {[%emt 00:00:06]} 0-1

[Event "DVM U14 2023"]
[Site "Magdeburg GER"]
[Date "2023.12.27"]
[Round "1"]
[White "Al Marawi, Yousef"]
[Black "Tritschler, Marek"]
[Result "1-0"]
[Termination "normal"]
[Board "7.4"]
[WhiteElo "1563"]
[BlackElo "1159"]
[WhiteClock "00:40:01"]
[BlackClock "00:49:42"]
[WhiteTeam "SV Erkenschwick 1923"]
[BlackTeam "SC Untergrombach 46"]
[PlyCount "83"]
[WhiteFideId "34607420"]
[BlackFideId "34640550"]
[EventCountry "GER"]
[EventRounds "7"]
[EventType "team-swiss"]
[EventDate "2023.12.26"]

1. e4 {[%clk 01:30:58]} {[%emt 00:00:03]} e5 {[%clk 01:30:54]} {[%emt
00:00:07]} 2. Nf3 {[%clk 01:31:23]} {[%emt 00:00:02]} Nc6 {[%clk 01:31:21]}
{[%emt 00:00:02]} 3. Bb5 {[%clk 01:31:49]} {[%emt 00:00:05]} a6 {[%clk
01:31:22]} {[%emt 00:00:30]} 4. Ba4 {[%clk 01:32:09]} {[%emt 00:00:10]} Nf6
{[%clk 01:31:14]} {[%emt 00:00:37]} 5. O-O {[%clk 01:31:34]} {[%emt 00:01:05]}
b5 {[%clk 01:31:39]} {[%emt 00:00:05]} 6. Bb3 {[%clk 01:31:52]} {[%emt
00:00:12]} Be7 {[%clk 01:31:59]} {[%emt 00:00:10]} 7. d3 {[%clk 01:31:08]}
{[%emt 00:01:14]} d6 {[%clk 01:32:14]} {[%emt 00:00:15]} 8. c3 {[%clk
01:31:30]} {[%emt 00:00:08]} Bg4 {[%clk 01:32:22]} {[%emt 00:00:22]} 9. Nbd2
{[%clk 01:31:37]} {[%emt 00:00:25]} Na5 {[%clk 01:32:27]} {[%emt 00:00:23]} 10.
Bc2 {[%clk 01:31:24]} {[%emt 00:00:43]} c5 {[%clk 01:32:39]} {[%emt 00:00:18]}
11. h3 {[%clk 01:29:39]} {[%emt 00:02:15]} Bh5 {[%clk 01:32:43]} {[%emt
00:00:26]} 12. Re1 {[%clk 01:29:56]} {[%emt 00:00:12]} Qc7 {[%clk 01:32:01]}
{[%emt 00:01:11]} 13. Nf1 {[%clk 01:28:45]} {[%emt 00:01:41]} O-O {[%clk
01:31:15]} {[%emt 00:01:17]} 14. Ng3 {[%clk 01:28:51]} {[%emt 00:00:24]} Bg6
{[%clk 01:31:32]} {[%emt 00:00:10]} 15. Nh4 {[%clk 01:24:03]} {[%emt 00:05:20]}
Nd7 {[%clk 01:21:29]} {[%emt 00:07:05]} 16. Nhf5 {[%clk 01:22:13]} {[%emt
00:05:47]} Bd8 {[%clk 01:17:37]} {[%emt 00:04:24]} 17. h4 {[%clk 01:19:58]}
{[%emt 00:02:44]} Bxf5 {[%clk 01:17:02]} {[%emt 00:01:04]} 18. Nxf5 {[%clk
01:19:53]} {[%emt 00:00:38]} g6 {[%clk 01:17:02]} {[%emt 00:00:28]} 19. Qg4
{[%clk 01:08:23]} {[%emt 00:11:54]} Nf6 {[%clk 01:16:18]} {[%emt 00:01:20]} 20.
Qf3 {[%clk 01:00:35]} {[%emt 00:08:15]} gxf5 {[%clk 01:12:49]} {[%emt
00:04:02]} 21. Bh6 {[%clk 00:58:18]} {[%emt 00:02:47]} Re8 {[%clk 01:11:33]}
{[%emt 00:01:48]} 22. exf5 {[%clk 00:54:46]} {[%emt 00:04:00]} Kh8 {[%clk
01:09:45]} {[%emt 00:02:18]} 23. Qxa8 {[%clk 00:54:43]} {[%emt 00:00:33]} d5
{[%clk 01:07:02]} {[%emt 00:03:13]} 24. Bg5 {[%clk 00:49:36]} {[%emt 00:05:34]}
Qd7 {[%clk 00:58:44]} {[%emt 00:08:50]} 25. Qxa6 {[%clk 00:48:37]} {[%emt
00:01:30]} Qxf5 {[%clk 00:54:53]} {[%emt 00:04:20]} 26. Qxb5 {[%clk 00:48:16]}
{[%emt 00:00:52]} Rg8 {[%clk 00:54:58]} {[%emt 00:00:25]} 27. Qxc5 {[%clk
00:43:12]} {[%emt 00:05:34]} h6 {[%clk 00:53:25]} {[%emt 00:02:04]} 28. Bxf6+
{[%clk 00:42:26]} {[%emt 00:01:15]} Bxf6 {[%clk 00:53:13]} {[%emt 00:00:42]}
29. Qxd5 {[%clk 00:41:32]} {[%emt 00:01:24]} Bxh4 {[%clk 00:53:20]} {[%emt
00:00:24]} 30. Qxe5+ {[%clk 00:41:30]} {[%emt 00:00:31]} Qxe5 {[%clk 00:53:16]}
{[%emt 00:00:34]} 31. Rxe5 {[%clk 00:41:45]} {[%emt 00:00:14]} Nc6 {[%clk
00:53:35]} {[%emt 00:00:12]} 32. Re4 {[%clk 00:41:31]} {[%emt 00:00:41]} Bd8
{[%clk 00:53:51]} {[%emt 00:00:17]} 33. Rae1 {[%clk 00:41:39]} {[%emt
00:00:22]} Rg5 {[%clk 00:53:13]} {[%emt 00:01:08]} 34. Re8+ {[%clk 00:41:38]}
{[%emt 00:00:30]} Kg7 {[%clk 00:53:37]} {[%emt 00:00:06]} 35. Ba4 {[%clk
00:41:55]} {[%emt 00:00:12]} Ra5 {[%clk 00:53:22]} {[%emt 00:00:47]} 36. Bxc6
{[%clk 00:41:40]} {[%emt 00:00:44]} Bc7 {[%clk 00:53:21]} {[%emt 00:00:31]} 37.
b4 {[%clk 00:40:48]} {[%emt 00:01:22]} Rxa2 {[%clk 00:53:12]} {[%emt 00:00:40]}
38. Bd5 {[%clk 00:39:24]} {[%emt 00:01:53]} Kg6 {[%clk 00:51:36]} {[%emt
00:02:07]} 39. Bxa2 {[%clk 00:39:45]} {[%emt 00:00:09]} f5 {[%clk 00:51:31]}
{[%emt 00:00:35]} 40. Rg8+ {[%clk 00:39:37]} {[%emt 00:00:35]} Kh5 {[%emt
00:00:10]} 41. Re3 {[%emt 00:00:28]} Bd8 {[%clk 00:49:42]} {[%emt 00:01:44]}
42. Bf7+ {[%clk 00:40:01]} {[%emt 00:00:06]} 1-0